000
00324nam a2200121Ia 4500
008
210430s9999 xx 000 0 und d
082
_a
519.5F849 S
100
_a
David Freedman
245
_a
International Student Edition Statistics
_c
David Freedman
260
_a
London
_b
Norton
_c
1998
300
_a
578p
942
_c
BK
_2
ddc
999
_c
562476
_d
562476